000 01154nam a22002411a 4500
999 _c12074
_d12074
001 12074
003 OSt
005 20260204212310.0
008 141013s2012||||dr ||||||b||||||||||spa||
090 _aINF 2012 S15
100 1 _aSánchez Bautista, Berkely
_esustentante
245 1 _aSistema control de asistencia docente - Bedelería con datos biométricos para el Instituto Tecnológico del Cibao Oriental / Berkely Sánchez Bautista, Beyra Mercedes Chavez Santiago y Mareni de la Cruz Castillo ; asesor Reyna María de la Rosa Portorreal
260 _aCotuí, República Dominicana :
_bUTECO,
_c2012
300 _a66 hojas
502 _aTrabajo de grado (Licenciatura en informática)--Universidad Tecnológica del Cibao Oriental, 2012.
504 _aincluye referencia bibliográfica e índice
650 4 _aSistema control de asistencia docente
700 1 _aChavez Santiago, Beyra Mercedes
_esustentante
700 1 _aDe la Cruz Castillo, Mareni
_esustentante
700 1 _aDe la Rosa Portorrea, Reyna María
_easesor
830 _aTesis y disertaciones académicas (Universidad Tecnológica del Cibao Oriental)
942 _2LC
_cTH